Statistics for Быстрая математика - квадратный корень

Click here to take the quiz!

General Stats

  • This quiz has been taken 454 times
  • The average score is 13 of 20

Answer Stats

проблемаответ% Correct
90030
98%
42
95%
93
93%
497
93%
10010
92%
16913
90%
40020
90%
819
90%
14412
89%
164
88%
11
86%
12111
86%
255
86%
366
86%
648
85%
22515
83%
160040
80%
62525
79%
44121
76%
19614
73%
25616
71%
360060
71%
28917
66%
250050
66%
57624
65%
52923
63%
67626
63%
48422
58%
78428
58%
32418
57%
36119
57%
72927
54%
136937
50%
129636
49%
202545
48%
122535
46%
280953
46%
96131
44%
230448
44%
348159
44%
102432
43%
260151
43%
108933
41%
336458
41%
84129
40%
240149
40%
144438
34%
168141
34%
211646
33%
270452
33%
152139
32%
184943
32%
324957
32%
291654
31%
176442
30%
302555
30%
313656
29%
220947
28%
115634
26%
193644
26%

Score Distribution

Percentile by Number Answered

Percent of People with Each Score

Your Score History

You have not taken this quiz